[Event "Bogota blitz op"]
[Site "Bogota"]
[Date "2024.12.21"]
[Round "10"]
[White "Benavides Montenegro, Maicol Alexander"]
[Black "Claverie, Raul Ricardo"]
[Result "0-1"]
[WhiteElo "2083"]
[BlackElo "2511"]
[PlyCount "88"]
[EventDate "2024.12.21"]
[EventType "swiss (blitz)"]
[EventRounds "11"]
[EventCountry "COL"]
[SourceTitle "CB52_2024"]
[SourceDate "2024.12.25"]
[SourceVersion "1"]
[SourceVersionDate "2024.12.25"]
[SourceQuality "1"]

1. e4 e6 2. d4 d5 3. Nd2 Nf6 4. e5 Nfd7 5. c3 c5 6. f4 Nc6 7. Ndf3 Rb8 8. Bd3 b5 9. Ne2 g6 10. 0-0 b4 11. cxb4 Rxb4 12. Kh1 cxd4 13. a3 Rb8 14. b4 Bg7 15. Nexd4 Nxd4 16. Nxd4 Bb7 17. Be3 0-0 18. Rc1 Nb6 19. Nc6 Bxc6 20. Rxc6 Qd7 21. Qc2 Nc4 22. Rxc4 dxc4 23. Bxc4 Rfc8 24. Qe4 Qc6 25. Qxc6 Rxc6 26. Bxa7 Ra8 27. b5 Rxc4 28. b6 Ra4 29. Rc1 R4xa7 30. bxa7 Rxa7 31. Ra1 Ra4 32. g3 Bf8 33. Kg2 h5 34. Rb1 Kg7 35. Rb7 Rxa3 36. Rd7 Ra2+ 37. Kh3 Bc5 38. Rd1 g5 39. fxg5 Kg6 40. Rf1 Bd4 41. Rf6+ Kg7 42. Rh6 Bg1 43. Rxh5 Rxh2+ 44. Kg4 Rxh5 0-1

[Event "Bogota Rapid op"]
[Site "Bogota"]
[Date "2024.12.21"]
[Round "9"]
[White "Benavides Montenegro, Maicol Alexander"]
[Black "Otalora Pacheco, Carlos Eduardo"]
[Result "0-1"]
[WhiteElo "2117"]
[BlackElo "2090"]
[PlyCount "148"]
[EventDate "2024.12.21"]
[EventType "swiss (rapid)"]
[EventRounds "9"]
[EventCountry "COL"]
[SourceTitle "CB52_2024"]
[SourceDate "2024.12.25"]
[SourceVersion "1"]
[SourceVersionDate "2024.12.25"]
[SourceQuality "1"]

1. Nf3 d5 2. g3 Nf6 3. Bg2 c6 4. 0-0 Bg4 5. d4 e6 6. c4 Nbd7 7. cxd5 exd5 8. h3 Bxf3 9. Bxf3 Bd6 10. Nc3 0-0 11. e4 dxe4 12. Nxe4 Nxe4 13. Bxe4 Nf6 14. Bg2 Qb6 15. Bg5 Nd5 16. Bxd5 cxd5 17. Qd2 Rfe8 18. a3 Re4 19. Be3 Rae8 20. Rfe1 f5 21. f3 R4e6 22. Bf2 Qc7 23. Kg2 h6 24. Rac1 Qd7 25. Rxe6 Rxe6 26. Re1 a6 27. Rxe6 Qxe6 28. Qe3 Qxe3 29. Bxe3 Kf7 30. g4 Ke6 31. Kf2 fxg4 32. fxg4 Kd7 33. Ke2 Kc6 34. Kd3 Kb5 35. Bc1 a5 36. Bd2 Ka4 37. Kc2 Bg3 38. Bc1 Kb5 39. Kd3 Ka4 40. Kc2 Kb5 41. Kd3 Bf2 42. Bf4 Ka4 43. Be5 g6 44. Kc2 Kb5 45. Kd3 h5 46. gxh5 gxh5 47. b3 a4 48. bxa4+ Kxa4 49. Bd6 Bh4 50. Bc5 Bg5 51. Kc2 Bf4 52. Be7 Bh6 53. Bd6 Bg5 54. Bf8 Be3 55. Bc5 Bf2 56. Kd3 Kb3 57. Ke2 Bh4 58. Kf3 Bg5 59. Bd6 Kc4 60. Bc5 Bf6 61. Ke3 Bg5+ 62. Kf3 Bf6 63. Ke3 Bg7 64. Bb6 Bf8 65. a4 Bg7 66. a5 Bf8 67. Kf4 Bg7 68. Ke3 Bf6 69. Ba7 Bd8 70. Bb6 Bxb6 71. axb6 Kc3 72. Kf4 Kxd4 73. Kg5 Ke4 74. Kxh5 d4 0-1

[Event "Bogota blitz op"]
[Site "Bogota"]
[Date "2024.12.21"]
[Round "11"]
[White "Blanco Fernandez, Lino Orlando"]
[Black "Benavides Montenegro, Maicol Alexander"]
[Result "0-1"]
[WhiteElo "2279"]
[BlackElo "2083"]
[PlyCount "87"]
[EventDate "2024.12.21"]
[EventType "swiss (blitz)"]
[EventRounds "11"]
[EventCountry "COL"]
[SourceTitle "CB52_2024"]
[SourceDate "2024.12.25"]
[SourceVersion "1"]
[SourceVersionDate "2024.12.25"]
[SourceQuality "1"]

1. d4 Nf6 2. Bg5 Ne4 3. Bf4 c5 4. f3 Qa5+ 5. c3 Nf6 6. dxc5 Qxc5 7. e4 Nc6 8. Nd2 d6 9. Nb3 Qb6 10. Qd2 e5 11. Be3 Qc7 12. g4 Be6 13. g5 Nh5 14. Bh3 Be7 15. Bg4 Bxg4 16. fxg4 Nf4 17. Nf3 Ne6 18. h4 a5 19. Qe2 a4 20. Nbd2 Nf4 21. Qf1 a3 22. b3 d5 23. Bxf4 exf4 24. exd5 Ne5 25. Qb5+ Kf8 26. 0-0 Nxg4 27. Nc4 Ne3 28. Rad1 Nxd1 29. Rxd1 Bd6 30. Kg2 Re8 31. Rd2 g6 32. Nxd6 Qxd6 33. Qc4 Kg7 34. Qd4+ f6 35. c4 b6 36. b4 Rhf8 37. c5 bxc5 38. bxc5 Qd7 39. Nh2 Qf5 40. gxf6+ Rxf6 41. d6 Re4 42. Qc3 f3+ 43. Qxf3 Qe5 44. Qxf6+ 0-1

[Event "Bogota Rapid op"]
[Site "Bogota"]
[Date "2024.12.21"]
[Round "1"]
[White "Ladino Hernandez, Angel Joel"]
[Black "Benavides Montenegro, Maicol Alexander"]
[Result "0-1"]
[WhiteElo "1795"]
[BlackElo "2117"]
[PlyCount "76"]
[EventDate "2024.12.21"]
[EventType "swiss (rapid)"]
[EventRounds "9"]
[EventCountry "COL"]
[SourceTitle "CB52_2024"]
[SourceDate "2024.12.25"]
[SourceVersion "1"]
[SourceVersionDate "2024.12.25"]
[SourceQuality "1"]

1. e4 c5 2. Nf3 d6 3. d4 cxd4 4. Nxd4 Nf6 5. Nc3 a6 6. Bd3 e5 7. Nf3 Be7 8. 0-0 0-0 9. Re1 h6 10. Bc4 b5 11. Bb3 Be6 12. Nd5 Nxd5 13. Bxd5 Bxd5 14. Qxd5 Nd7 15. Be3 Qc7 16. c3 Rfd8 17. Rad1 Nf6 18. Qb3 Nxe4 19. Qc2 d5 20. Nd2 Nf6 21. Nb3 d4 22. Bd2 Rac8 23. Qd3 e4 24. Qg3 Qxg3 25. hxg3 dxc3 26. Bxc3 Nd5 27. Rxe4 Nxc3 28. Rxd8+ Rxd8 29. bxc3 Bf6 30. Nd4 Rc8 31. Re3 b4 32. Nc2 bxc3 33. Re2 Rb8 34. f3 Rb2 35. a3 Be7 36. Kf2 Bc5+ 37. Ne3 c2 38. Re1 c1Q+ 0-1

[Event "Titled Tuesday intern op 13th Feb Early"]
[Site "Chess.com INT"]
[Date "2024.02.13"]
[Round "3"]
[White "Benavides Montenegro, Maicol Alexander"]
[Black "Yagupov, Igor"]
[Result "1-0"]
[WhiteElo "2140"]
[BlackElo "2290"]
[PlyCount "193"]
[EventDate "2024.02.13"]
[EventType "swiss (blitz)"]
[EventRounds "11"]
[EventCountry "USA"]
[SourceTitle "CBM 218 Extra"]
[Source "ChessBase"]
[SourceDate "2024.03.31"]
[SourceVersion "1"]
[SourceVersionDate "2024.03.31"]
[SourceQuality "1"]

1. e4 c5 2. Nf3 e6 3. c4 Nc6 4. Nc3 e5 5. Be2 d6 6. 0-0 f5 7. d3 Nf6 8. Bg5 Be7 9. Bxf6 Bxf6 10. Nd5 0-0 11. a3 g6 12. b4 b6 13. Rb1 Bg7 14. a4 Bh6 15. b5 Na5 16. Nd2 Bxd2 17. Qxd2 f4 18. Qd1 h5 19. Bxh5 gxh5 20. Qxh5 Qd7 21. Qg6+ Qg7 22. Ne7+ Kh8 23. Qh5+ Qh7 24. Ng6+ Kg7 25. Qxh7+ Kxh7 26. Nxf8+ Kg7 27. f3 Kxf8 28. g3 Be6 29. g4 Kg7 30. Kg2 Rh8 31. Rh1 Rh4 32. Kf2 Kf6 33. Kg2 Kg5 34. Kf2 Nb7 35. Ra1 Rh3 36. Kg2 Rh4 37. Rhg1 Na5 38. Rab1 Bd7 39. Rh1 Bc8 40. h3 Be6 41. Kf2 Nb7 42. Ra1 Bd7 43. Kg2 Na5 44. Rab1 Bc8 45. Rb2 Kf6 46. Kf2 Ke7 47. Kg2 Be6 48. Kf2 Kd7 49. Rbb1 Kc7 50. Rh2 Nb7 51. Rb2 Nd8 52. Ra2 Nf7 53. a5 Kb7 54. axb6 axb6 55. Kg2 Ng5 56. Rh1 Bc8 57. Rha1 Kc7 58. Ra7+ Bb7 59. Rh1 Kb8 60. Raa1 Bc8 61. Ra2 Bb7 62. Raa1 Ne6 63. Ra2 Nd4 64. Kf2 Bc8 65. Raa1 Nc2 66. Rag1 Be6 67. g5 Kc7 68. g6 Bg8 69. g7 Kd7 70. Rg4 Rh6 71. h4 Ne3 72. Rg5 Ke7 73. h5 Kf6 74. Rgg1 Kf7 75. Rg6 Rxg6 76. hxg6+ Kxg6 77. Ra1 Kxg7 78. Ra6 Kf6 79. Rxb6 Ke7 80. Rb7+ Ke6 81. Rg7 Bf7 82. Rxf7 Kxf7 83. b6 Nd1+ 84. Ke1 Nb2 85. b7 Nxd3+ 86. Kd2 Nb4 87. b8Q Ke7 88. Qh8 Kd7 89. Qg7+ Kc6 90. Qg8 Kc7 91. Qf7+ Kc6 92. Qe8+ Kc7 93. Qe7+ Kc6 94. Qd8 Na6 95. Qc8+ Nc7 96. Kc3 Kb6 97. Qd7 1-0

[Event "Titled Tuesday intern op 13th Feb Early"]
[Site "Chess.com INT"]
[Date "2024.02.13"]
[Round "7"]
[White "Le, Quang Long"]
[Black "Benavides Montenegro, Maicol Alexander"]
[Result "1-0"]
[WhiteElo "2403"]
[BlackElo "2140"]
[PlyCount "53"]
[EventDate "2024.02.13"]
[EventType "swiss (blitz)"]
[EventRounds "11"]
[EventCountry "USA"]
[SourceTitle "CBM 218 Extra"]
[Source "ChessBase"]
[SourceDate "2024.03.31"]
[SourceVersion "1"]
[SourceVersionDate "2024.03.31"]
[SourceQuality "1"]

1. Nf3 Nf6 2. c4 g6 3. g3 Bg7 4. Bg2 0-0 5. 0-0 d6 6. Nc3 Nc6 7. Rb1 e5 8. d3 Nd7 9. b4 h6 10. b5 Ne7 11. d4 f5 12. dxe5 Nxe5 13. Nxe5 Bxe5 14. Nd5 Nxd5 15. Qxd5+ Kg7 16. f4 Bf6 17. e4 fxe4 18. Bxe4 Bh3 19. Re1 Rb8 20. Qd3 Qe8 21. Bb2 Qf7 22. Bd5 Qd7 23. Bxf6+ Rxf6 24. Qd4 b6 25. Re3 Re8 26. Bc6 Rxe3 27. Bxd7 1-0

[Event "Titled Tuesday intern op 13th Feb Late"]
[Site "Chess.com INT"]
[Date "2024.02.13"]
[Round "4"]
[White "Sanguinetti, Luis"]
[Black "Benavides Montenegro, Maicol Alexander"]
[Result "1-0"]
[WhiteElo "2178"]
[BlackElo "2140"]
[PlyCount "127"]
[EventDate "2024.02.13"]
[EventType "swiss (blitz)"]
[EventRounds "11"]
[EventCountry "USA"]
[SourceTitle "CBM 218 Extra"]
[Source "ChessBase"]
[SourceDate "2024.03.31"]
[SourceVersion "1"]
[SourceVersionDate "2024.03.31"]
[SourceQuality "1"]

1. Nf3 Nf6 2. b3 g6 3. Bb2 Bg7 4. g3 0-0 5. Bg2 d6 6. 0-0 c5 7. c4 Nc6 8. Nc3 a6 9. d4 cxd4 10. Nxd4 Bd7 11. Rc1 Rc8 12. Nc2 Qa5 13. Ne3 Qh5 14. Qd2 Bh3 15. Ncd5 Nxd5 16. Nxd5 Bxg2 17. Kxg2 Bxb2 18. Qxb2 Qe5 19. Qxe5 dxe5 20. Rfd1 Rcd8 21. Nb6 e6 22. Nd7 Rfe8 23. Nf6+ Kf8 24. Nxe8 Rxe8 25. Rd7 Re7 26. Rcd1 Ke8 27. Rxe7+ Kxe7 28. g4 f5 29. g5 e4 30. h4 Nb4 31. a3 Nc2 32. a4 Nb4 33. c5 Nd5 34. e3 Kd7 35. h5 Kc6 36. hxg6 hxg6 37. Rc1 f4 38. exf4 Nxf4+ 39. Kf1 a5 40. Rc4 Kd5 41. f3 Nh3 42. fxe4+ Kc6 43. e5 Nxg5 44. Rg4 Nf7 45. Rxg6 Kd5 46. Rg7 Nxe5 47. Rxb7 Nc6 48. Rb5 e5 49. Kf2 Kd4 50. Ke2 e4 51. Rb6 Kxc5 52. Rb5+ Kd4 53. Rb6 Nb4 54. Rb5 Nc6 55. Rb6 Nb4 56. Re6 Nd5 57. Ra6 Nc3+ 58. Ke1 e3 59. Rxa5 Kd3 60. Ra8 Kc2 61. Rd8 Kxb3 62. a5 Nb5 63. a6 Ka4 64. Rd7 1-0

[Event "Barranquilla Carnaval Cup"]
[Site "Barranquilla"]
[Date "2024.02.07"]
[Round "9"]
[White "Benavides Montenegro, Maicol Alexander"]
[Black "Rueda Ahumada, Gabriel Omar"]
[Result "1/2-1/2"]
[WhiteElo "2140"]
[BlackElo "1415"]
[PlyCount "71"]
[EventDate "2024.02.03"]
[EventType "swiss"]
[EventRounds "9"]
[EventCountry "COL"]
[SourceTitle "CBM 218 Extra"]
[Source "ChessBase"]
[SourceDate "2024.03.31"]
[SourceVersion "1"]
[SourceVersionDate "2024.03.31"]
[SourceQuality "1"]

1. d4 d5 2. Nf3 e6 3. Bf4 Bd6 4. Bg3 c5 5. e3 Qc7 6. c3 Nd7 7. Nbd2 Ngf6 8. Bb5 0-0 9. 0-0 b6 10. Rc1 Bb7 11. c4 a6 12. Bxd7 Nxd7 13. cxd5 exd5 14. dxc5 bxc5 15. Qa4 Bxg3 16. hxg3 Bc6 17. Qa3 Bb5 18. Rfd1 Be2 19. Re1 Bxf3 20. Nxf3 Qb7 21. b3 Rfe8 22. Red1 Re4 23. Rd3 Rb4 24. Qa5 Rc8 25. Rdc3 h6 26. Ne1 c4 27. Qa3 Ne5 28. Nc2 Rb6 29. Nd4 Nd3 30. Rd1 Rf6 31. Rc2 Nb4 32. Rc3 Nd3 33. Rc2 Nb4 34. Rc3 Nd3 35. Nf3 g5 36. Rc2 1/2-1/2

[Event "Barranquilla Carnaval Cup"]
[Site "Barranquilla"]
[Date "2024.02.06"]
[Round "6"]
[White "Benavides Montenegro, Maicol Alexander"]
[Black "Herrera Jimenez, Mateo"]
[Result "1/2-1/2"]
[WhiteElo "2140"]
[BlackElo "1681"]
[PlyCount "75"]
[EventDate "2024.02.03"]
[EventType "swiss"]
[EventRounds "9"]
[EventCountry "COL"]
[SourceTitle "CBM 218 Extra"]
[Source "ChessBase"]
[SourceDate "2024.03.31"]
[SourceVersion "1"]
[SourceVersionDate "2024.03.31"]
[SourceQuality "1"]

1. e4 e5 2. Nf3 Nc6 3. Bc4 Nf6 4. d3 Bc5 5. c3 d6 6. Nbd2 0-0 7. Qe2 Ne7 8. d4 exd4 9. cxd4 Bb6 10. 0-0 Ng6 11. Re1 Re8 12. Qd1 Bg4 13. h3 Bxf3 14. Nxf3 d5 15. exd5 Rxe1+ 16. Qxe1 Nxd5 17. Qe4 c6 18. Bg5 Qd7 19. Re1 Ba5 20. Re2 h6 21. Bc1 Rd8 22. h4 Bc7 23. g3 Qh3 24. Re1 Ba5 25. Rd1 Kh8 26. Ne5 Nxe5 27. dxe5 Bb6 28. Qf3 Qe6 29. Re1 Rd7 30. Bd3 Ne7 31. Qe4 Ng6 32. Bc4 Qxe5 33. Qxe5 Nxe5 34. Rxe5 Rd1+ 35. Kg2 Rxc1 36. Bxf7 Rc2 37. Bg6 Rxf2+ 38. Kh3 1/2-1/2

[Event "Barranquilla Carnaval Cup"]
[Site "Barranquilla"]
[Date "2024.02.03"]
[Round "1"]
[White "Lopez Mass, Maria Fernanda"]
[Black "Benavides Montenegro, Maicol Alexander"]
[Result "0-1"]
[WhiteElo "1262"]
[BlackElo "2140"]
[PlyCount "59"]
[EventDate "2024.02.03"]
[EventType "swiss"]
[EventRounds "9"]
[EventCountry "COL"]
[SourceTitle "CBM 218 Extra"]
[Source "ChessBase"]
[SourceDate "2024.03.31"]
[SourceVersion "1"]
[SourceVersionDate "2024.03.31"]
[SourceQuality "1"]

1. e4 c5 2. Bc4 e6 3. c3 Nc6 4. Nf3 d5 5. exd5 exd5 6. Bb3 Nf6 7. d3 Bg4 8. Bf4 Be7 9. Nbd2 0-0 10. 0-0 Re8 11. Re1 Qb6 12. Qc2 Bf5 13. Nh4 Be6 14. Qc1 Nh5 15. Bg3 Nxg3 16. hxg3 Bg5 17. Nhf3 Bh6 18. Bc2 Bg4 19. Rb1 Qa6 20. a3 d4 21. Ra1 dxc3 22. bxc3 Bxf3 23. gxf3 Ne5 24. f4 Bxf4 25. gxf4 Qg6+ 26. Kh1 Qh5+ 27. Kg1 Qg4+ 28. Kh1 Qh4+ 29. Kg1 Ng4 30. Nf1 0-1

[Event "Soacha op-A"]
[Site "Soacha"]
[Date "2021.09.10"]
[Round "5"]
[White "Benavides Montenegro, Maicol Alexander"]
[Black "Bejarano Urrego, Dany Andres"]
[Result "1-0"]
[WhiteElo "2159"]
[BlackElo "1991"]
[PlyCount "85"]
[EventDate "2021.09.08"]
[EventType "swiss"]
[EventRounds "10"]
[EventCountry "COL"]
[SourceTitle "CBM 204 Extra"]
[Source "ChessBase"]
[SourceDate "2021.11.30"]
[SourceVersion "1"]
[SourceVersionDate "2021.11.30"]
[SourceQuality "1"]

1. e4 e6 2. d4 d5 3. Nd2 Nf6 4. e5 Nfd7 5. f4 c5 6. c3 Nc6 7. Ndf3 cxd4 8. cxd4 f6 9. g3 Bb4+ 10. Kf2 0-0 11. Kg2 g5 12. exf6 gxf4 13. Bxf4 Nxf6 14. Bd3 Bd6 15. Ne5 Qc7 16. Ngf3 Qg7 17. Qd2 Ng4 18. Rhf1 Nxd4 19. Bxh7+ Qxh7 20. Qxd4 Bxe5 21. Bxe5 Qc2+ 22. Kg1 Qe4 23. Rae1 Qxd4+ 24. Bxd4 Bd7 25. h3 e5 26. hxg4 exd4 27. Nxd4 Bxg4 28. Re5 Rxf1+ 29. Kxf1 Bh3+ 30. Kf2 Rf8+ 31. Ke3 Bg2 32. Rg5+ Kh7 33. Re5 Rf7 34. g4 Kg6 35. Nf5 Rh7 36. Kf4 Rh3 37. Re6+ Kf7 38. Re7+ Kf6 39. g5+ Kg6 40. Rg7+ Kh5 41. Ng3+ Rxg3 42. Kxg3 Be4 43. Kf4 1-0

[Event "Soacha op-A"]
[Site "Soacha"]
[Date "2021.09.09"]
[Round "4"]
[White "Soto, Cristian Camilo"]
[Black "Benavides Montenegro, Maicol Alexander"]
[Result "1-0"]
[WhiteElo "2090"]
[BlackElo "2159"]
[PlyCount "33"]
[EventDate "2021.09.08"]
[EventType "swiss"]
[EventRounds "10"]
[EventCountry "COL"]
[SourceTitle "CBM 204 Extra"]
[Source "ChessBase"]
[SourceDate "2021.11.30"]
[SourceVersion "1"]
[SourceVersionDate "2021.11.30"]
[SourceQuality "1"]

1. c4 Nf6 2. Nc3 g6 3. d4 Bg7 4. e4 d6 5. f3 0-0 6. Be3 c5 7. dxc5 dxc5 8. Qxd8 Rxd8 9. Bxc5 Nc6 10. Nd5 e6 11. Ne7+ Nxe7 12. Bxe7 Rd7 13. Ba3 b6 14. Rd1 Bb7 15. Bd3 Nh5 16. Ne2 Rad8 17. Bc2 1-0

[Event "Soacha op-A"]
[Site "Soacha"]
[Date "2021.09.08"]
[Round "2"]
[White "Barrientos Chavarriaga, Sergio E"]
[Black "Benavides Montenegro, Maicol Alexander"]
[Result "1-0"]
[WhiteElo "2475"]
[BlackElo "2159"]
[PlyCount "105"]
[EventDate "2021.09.08"]
[EventType "swiss"]
[EventRounds "10"]
[EventCountry "COL"]
[SourceTitle "CBM 204 Extra"]
[Source "ChessBase"]
[SourceDate "2021.11.30"]
[SourceVersion "1"]
[SourceVersionDate "2021.11.30"]
[SourceQuality "1"]

1. d4 Nf6 2. Nf3 g6 3. c4 Bg7 4. Nc3 0-0 5. e4 d6 6. Be2 e5 7. Be3 Nbd7 8. d5 h6 9. h3 Nh5 10. g3 Kh7 11. Nd2 Nhf6 12. g4 Kg8 13. h4 Nh7 14. Nf1 Qe7 15. Qd2 Ndf6 16. Rg1 Ne8 17. Bxh6 Qxh4 18. Be3 Nef6 19. Qd1 Ng5 20. Nd2 Bh6 21. Bxg5 Bxg5 22. Nf3 Qh6 23. Nxg5 Qxg5 24. Qd2 Qxd2+ 25. Kxd2 Bd7 26. g5 Nh7 27. b4 a5 28. a3 axb4 29. axb4 Rxa1 30. Rxa1 Nxg5 31. Ra7 Rb8 32. c5 dxc5 33. bxc5 c6 34. Ba6 Bc8 35. Bc4 Nf3+ 36. Ke3 Nd4 37. f4 Nc2+ 38. Kd2 Nd4 39. fxe5 Nf3+ 40. Ke3 Nxe5 41. Ba2 Kf8 42. Na4 Bh3 43. Nb6 f6 44. Nc4 Nxc4+ 45. Bxc4 Bd7 46. Kd4 Ke8 47. d6 Kf8 48. e5 fxe5+ 49. Kxe5 Kg7 50. Be6 Be8 51. Ra1 Rd8 52. Rb1 Rb8 53. d7 1-0

[Event "Soacha op-A"]
[Site "Soacha"]
[Date "2021.09.08"]
[Round "1"]
[White "Benavides Montenegro, Maicol Alexander"]
[Black "Gomez Guevara, Jorge Leonardo"]
[Result "1-0"]
[WhiteElo "2159"]
[BlackElo "1813"]
[PlyCount "55"]
[EventDate "2021.09.08"]
[EventType "swiss"]
[EventRounds "10"]
[EventCountry "COL"]
[SourceTitle "CBM 204 Extra"]
[Source "ChessBase"]
[SourceDate "2021.11.30"]
[SourceVersion "1"]
[SourceVersionDate "2021.11.30"]
[SourceQuality "1"]

1. e4 e6 2. d4 d5 3. Nd2 Nf6 4. e5 Nfd7 5. f4 c5 6. c3 Nc6 7. Ndf3 Nb6 8. Bd3 Bd7 9. Ne2 cxd4 10. Nexd4 Nxd4 11. Nxd4 g6 12. 0-0 h5 13. b3 Rc8 14. Bd2 Bc5 15. Kh1 a6 16. Rc1 Rc7 17. Qf3 Nc8 18. Be3 b5 19. Qf2 Qe7 20. c4 Ba3 21. Rc2 bxc4 22. bxc4 Ba4 23. Nb3 dxc4 24. Rxc4 Bb5 25. Rxc7 Qxc7 26. Bxb5+ axb5 27. Nd4 Qc4 28. Rb1 1-0

[Event "Titled Tuesday intern op 03rd Nov"]
[Site "Chess.com INT"]
[Date "2020.11.03"]
[Round "10"]
[White "Ward, Ieuan C"]
[Black "Benavides Montenegro, Maicol Alexander"]
[Result "0-1"]
[WhiteElo "2028"]
[BlackElo "2159"]
[PlyCount "138"]
[EventDate "2020.11.03"]
[EventType "swiss (blitz)"]
[EventRounds "11"]
[EventCountry "USA"]
[SourceTitle "CBM 199 Extra"]
[Source "ChessBase"]
[SourceDate "2021.01.31"]
[SourceVersion "1"]
[SourceVersionDate "2021.01.31"]
[SourceQuality "1"]

1. e4 c5 2. Nf3 d6 3. c3 Nc6 4. d4 cxd4 5. cxd4 Nf6 6. Nc3 Bg4 7. Be3 g6 8. Be2 Bg7 9. 0-0 0-0 10. h3 Bd7 11. d5 Ne5 12. Nxe5 dxe5 13. Qd2 Qa5 14. a3 Rfc8 15. b4 Qd8 16. f3 Nh5 17. Rac1 Nf4 18. Bxf4 exf4 19. Rc2 Qb6+ 20. Kh1 a5 21. b5 Be5 22. Rfc1 Rc7 23. Na4 Rxc2 24. Rxc2 Qd6 25. Qc1 b6 26. Rc6 Bxc6 27. bxc6 Qc7 28. Qb1 Rb8 29. Bb5 Qd6 30. Qd3 e6 31. dxe6 Qxd3 32. exf7+ Kxf7 33. Bxd3 Ke7 34. c7 Rc8 35. Nxb6 Rxc7 36. Nd5+ Kd6 37. Nxc7 Kxc7 38. a4 Kb6 39. Kg1 Kc5 40. Kf1 Kb4 41. Bb5 Kc3 42. Ke2 Kc2 43. Be8 Kc3 44. Bf7 Kb2 45. Bg8 h6 46. Kd3 g5 47. Be6 Ka3 48. Bd7 Kb4 49. Bc6 Bg7 50. e5 Bxe5 51. Ke4 Bg7 52. Kf5 Bf8 53. Kg6 Kc5 54. Be8 Kd6 55. Kf7 Be7 56. Bb5 Bd8 57. Kg6 Ke5 58. Kxh6 Kd4 59. Kg6 Ke3 60. Kf5 Kf2 61. h4 gxh4 62. Kxf4 Kxg2 63. Bd7 h3 64. Bxh3+ Kxh3 65. Ke4 Kg3 66. f4 Kg4 67. f5 Kg5 68. Ke5 Bf6+ 69. Ke6 Bc3 0-1

[Event "VEN-ch U17"]
[Site "Caracas"]
[Date "2019.08.11"]
[Round "9"]
[White "Suarez Sierralta, Jesus Raul"]
[Black "Benavides Montenegro, Maicol Alexander"]
[Result "0-1"]
[WhiteElo "1885"]
[BlackElo "2209"]
[PlyCount "49"]
[EventDate "2019.08.07"]
[EventType "swiss"]
[EventRounds "9"]
[EventCountry "VEN"]
[SourceTitle "EXT 2020"]
[Source "ChessBase"]
[SourceDate "2019.10.17"]
[SourceVersion "1"]
[SourceVersionDate "2019.10.17"]
[SourceQuality "1"]

1. e4 c5 2. Nc3 a6 3. g3 b5 4. Bg2 Bb7 5. d3 Nc6 6. f4 d6 7. Nf3 e6 8. Be3 Nf6 9. h3 Be7 10. 0-0 b4 11. Ne2 d5 12. e5 Nd7 13. c3 0-0 14. d4 bxc3 15. bxc3 Rc8 16. Ne1 Na5 17. f5 cxd4 18. Bxd4 exf5 19. Rxf5 g6 20. Rf2 Nc5 21. Nf4 Ne4 22. Bxe4 dxe4 23. Qg4 e3 24. Rh2 Nc4 25. Rd1 0-1

[Event "VEN-ch U17"]
[Site "Caracas"]
[Date "2019.08.08"]
[Round "4"]
[White "Benavides Montenegro, Maicol Alexander"]
[Black "Ledezma Villamizar, Gabriel Enrique"]
[Result "1-0"]
[WhiteElo "2209"]
[BlackElo "1980"]
[PlyCount "100"]
[EventDate "2019.08.07"]
[EventType "swiss"]
[EventRounds "9"]
[EventCountry "VEN"]
[SourceTitle "EXT 2020"]
[Source "ChessBase"]
[SourceDate "2019.10.17"]
[SourceVersion "1"]
[SourceVersionDate "2019.10.17"]
[SourceQuality "1"]

1. e4 e6 2. d4 d5 3. Nd2 Nf6 4. e5 Nfd7 5. f4 c5 6. c3 Nc6 7. Ndf3 Qb6 8. g3 cxd4 9. cxd4 f6 10. Bh3 Bb4+ 11. Kf1 Nf8 12. Ne2 Bd7 13. Kg2 Na5 14. f5 exf5 15. Nf4 Qc6 16. exf6 gxf6 17. a3 Be7 18. Re1 Kf7 19. Nh4 Ng6 20. Qh5 Rhg8 21. Nfxg6 hxg6 22. Qh7+ Rg7 23. Rxe7+ Kxe7 24. Qxg7+ Kd8 25. Qf8+ Be8 26. Qc5 Qxc5 27. dxc5 Nb3 28. Rb1 d4 29. Bh6 Rc8 30. Bf8 b6 31. Kf2 Nd2 32. Re1 Ne4+ 33. Rxe4 fxe4 34. Bxc8 Kxc8 35. Ng2 Kd7 36. c6+ Kxc6 37. Bg7 Kc5 38. Bxf6 Kc4 39. Nf4 Bf7 40. h4 a5 41. g4 Be8 42. Ne6 Kd3 43. Nxd4 Kd2 44. Bg5+ Kd3 45. Be3 b5 46. Ne2 Kc2 47. Bd4 Kd3 48. Bc3 e3+ 49. Ke1 Ke4 50. Bxa5 Kf3 1-0

[Event "VEN-ch U17"]
[Site "Caracas"]
[Date "2019.08.08"]
[Round "3"]
[White "Romero Marino, Samuel David"]
[Black "Benavides Montenegro, Maicol Alexander"]
[Result "0-1"]
[WhiteElo "1881"]
[BlackElo "2209"]
[PlyCount "56"]
[EventDate "2019.08.07"]
[EventType "swiss"]
[EventRounds "9"]
[EventCountry "VEN"]
[SourceTitle "EXT 2020"]
[Source "ChessBase"]
[SourceDate "2019.10.17"]
[SourceVersion "1"]
[SourceVersionDate "2019.10.17"]
[SourceQuality "1"]

1. e4 c5 2. Nf3 d6 3. d4 cxd4 4. Nxd4 Nf6 5. Nc3 a6 6. Bc4 e6 7. Bb3 b5 8. Qf3 Bb7 9. a3 Nc6 10. Nxc6 Bxc6 11. 0-0 Be7 12. Re1 0-0 13. Qg3 Kh8 14. Bg5 h6 15. Qh4 Kg8 16. Bxh6 gxh6 17. Qxh6 Nh7 18. Re3 Bg5 19. Rg3 Kh8 20. Qh5 Qf6 21. Rh3 Qg6 22. Qxg6 fxg6 23. Bxe6 Rae8 24. Bd5 Bxd5 25. exd5 Bd8 26. f3 Bb6+ 27. Kf1 Kg7 28. Ne4 Rxe4 0-1

[Event "VEN-ch U17"]
[Site "Caracas"]
[Date "2019.08.07"]
[Round "1"]
[White "Colmenarez Orsini, Ricardo Elias"]
[Black "Benavides Montenegro, Maicol Alexander"]
[Result "1-0"]
[WhiteElo "1842"]
[BlackElo "2209"]
[PlyCount "63"]
[EventDate "2019.08.07"]
[EventType "swiss"]
[EventRounds "9"]
[EventCountry "VEN"]
[SourceTitle "EXT 2020"]
[Source "ChessBase"]
[SourceDate "2019.10.17"]
[SourceVersion "1"]
[SourceVersionDate "2019.10.17"]
[SourceQuality "1"]

1. d4 Nf6 2. c4 c5 3. d5 b5 4. cxb5 a6 5. b6 g6 6. Nc3 d6 7. e4 Qxb6 8. Be2 Bg7 9. Nf3 0-0 10. 0-0 Nbd7 11. Re1 Qc7 12. a4 Rb8 13. a5 Rb4 14. Nd2 Rd8 15. h3 Rd4 16. Qc2 e6 17. Nf3 Rb4 18. Ra4 exd5 19. exd5 Re8 20. Nb5 Rxb5 21. Bxb5 Rxe1+ 22. Nxe1 axb5 23. Ra3 Nxd5 24. Qe2 Ba6 25. Qe8+ Nf8 26. Qa8 Nb4 27. Nf3 h6 28. Re3 Bb7 29. Qe8 Qxa5 30. Re7 Bd5 31. Bf4 Bc6 32. Qxf7+ 1-0